[Event "6th Solidarity it"]
[Site "Skopje YUG"]
[Date "1976.03.12"]
[Round "11"]
[White "Tarjan, James Edward"]
[Black "Vaganian, Rafael"]
[Result "0-1"]
[WhiteElo "2490"]
[BlackElo "2550"]
[EventDate "1976.02.29"]
[PlyCount "92"]
[Source "Perpetual Check"]

1.d4 Nf6 2.c4 c5 3.Nf3 cxd4 4.Nxd4 a6 5.Nc3 e6 6.g3 Qc7 7.Be3 Bb4 8.Qb3 
Be7 9.Bg2 d6 10.Rc1 Nbd7 11.Qd1 Ne5 12.b3 Nfg4 13.Qd2 Nxe3 14.Qxe3 O-O 15.
O-O Bd7 16.Qe4 Qc5 17.e3 Rab8 18.f4 f5 19.Qc2 Ng4 20.Qd2 Bf6 21.Rfd1 e5 
22.Nc2 exf4 23.gxf4 Bc6 24.Bxc6 Qxc6 25.Nd5 Bh4 26.Rf1 Qe8 27.Nd4 Qg6 28.
Kh1 Rbe8 29.Nf3 Bd8 30.Rce1 Qh5 31.Nd4 Re4 32.Nf3 Rfe8 33.Re2 Kh8 34.Qe1 
Qh3 35.Ng1 Qh5 36.Rf3 Bh4 37.Qf1 b5 38.Rh3 bxc4 39.bxc4 Rxc4 40.Nf3 Qf7 
41.Nb6 Rb4 42.Rxh4 Qb7 43.Qh3 h6 44.Rxg4 fxg4 45.Qxg4 Rxb6 46.Kg2 Rb2 0-1

[Event "6th Solidarity it"]
[Site "Skopje YUG"]
[Date "1976.03.12"]
[Round "11"]
[White "Timman, Jan"]
[Black "Uhlmann, Wolfgang"]
[Result "1/2-1/2"]
[WhiteElo "2550"]
[BlackElo "2555"]
[EventDate "1976.02.29"]
[PlyCount "105"]
[Source "Perpetual Check"]

1.e4 e6 2.d4 d5 3.Nc3 Bb4 4.e5 Ne7 5.a3 Bxc3+ 6.bxc3 c5 7.a4 Nbc6 8.Nf3 
Qa5 9.Bd2 Bd7 10.Be2 c4 11.Ng5 O-O 12.O-O f6 13.exf6 Rxf6 14.Bg4 h6 15.Nf3
Nc8 16.Re1 Nb6 17.Qc1 Raf8 18.Qa3 Nd8 19.Ne5 Qxa4 20.Qc1 Qb5 21.Rxa7 Bc8 
22.Ra1 Nd7 23.Ra8 Nb6 24.Ra1 Nd7 25.f3 Nc6 26.Qa3 Qb6 27.Be3 Qc7 28.Nxc6 
Qxc6 29.Bf2 Kh7 30.Bh4 g5 31.Bg3 Kg6 32.h4 Re8 33.hxg5 hxg5 34.Qc1 Rff8 
35.Be5 Rg8 36.g3 Re7 37.f4 Rh7 38.Rf1 Rf8 39.Qe3 gxf4 40.gxf4 Nf6 41.Bxf6 
Rxf6 42.Qe5 Kf7 43.Kf2 Ke7 44.Ra8 Rxf4+ 45.Qxf4 Rf7 46.Qxf7+ Kxf7 47.Ke2+ 
Ke7 48.Bh5 Kd6 49.Rf8 Bd7 50.Rh8 Qb6 51.Rh7 Qb1 52.Kd2 Qg1 53.Be8 1/2-1/2

[Event "6th Solidarity it"]
[Site "Skopje YUG"]
[Date "1976.03.14"]
[Round "12"]
[White "Nicevski, Risto"]
[Black "Uhlmann, Wolfgang"]
[Result "0-1"]
[WhiteElo "2395"]
[BlackElo "2555"]
[EventDate "1976.02.29"]
[PlyCount "88"]
[Source "Perpetual Check"]

1.e4 e6 2.d4 d5 3.Nd2 c5 4.Ngf3 Nc6 5.Bb5 dxe4 6.Nxe4 Bd7 7.Bg5 Qa5+ 8.Nc3
a6 9.Bxc6 Bxc6 10.d5 Bxd5 11.O-O Bc6 12.Ne5 Qc7 13.Re1 Nf6 14.Bxf6 gxf6 
15.Nxc6 Qxc6 16.Qh5 Be7 17.Re3 h6 18.Rae1 Kf8 19.Nd5 Rd8 20.Nf4 e5 21.Ne2 
Rd2 22.Ng3 Rxc2 23.Nf5 Qd7 24.Rg3 Qd2 25.Rf1 Qe2 26.Qxe2 Rxe2 27.Rd3 Ke8 
28.Rfd1 Re4 29.f3 Rd4 30.Nxd4 cxd4 31.a4 a5 32.g4 Kd7 33.Rc1 b6 34.Rc2 Bc5
35.Kg2 Ke6 36.Rd1 f5 37.h3 h5 38.Re2 Rg8 39.Kf1 hxg4 40.hxg4 fxg4 41.f4 f6
42.fxe5 fxe5 43.Rde1 Rg5 44.Kg2 d3 0-1

[Event "6th Solidarity it"]
[Site "Skopje YUG"]
[Date "1976.03.14"]
[Round "12"]
[White "Vaganian, Rafael"]
[Black "Timman, Jan"]
[Result "0-1"]
[WhiteElo "2550"]
[BlackElo "2550"]
[EventDate "1976.02.29"]
[PlyCount "114"]
[Source "Perpetual Check"]

1.c4 Nf6 2.Nc3 e6 3.Nf3 Bb4 4.Qc2 c5 5.g3 O-O 6.Bg2 Nc6 7.a3 Bxc3 8.Qxc3 
b6 9.Ne5 Bb7 10.Nxc6 Bxc6 11.Bxc6 dxc6 12.d3 Qd4 13.Be3 Qxc3+ 14.bxc3 Nd7 
15.a4 Rfd8 16.g4 Kf8 17.f3 Ke7 18.Kf2 f6 19.Rhb1 a6 20.Ra2 Rab8 21.Rab2 e5
22.f4 Kd6 23.Kf3 Re8 24.Bc1 Rb7 25.h4 Reb8 26.Ke4 b5 27.Bd2 Rb6 28.a5 R6b7
29.g5 g6 30.fxe5+ fxe5 31.Be1 Ke6 32.Bg3 Rf8 33.e3 h6 34.d4 hxg5 35.hxg5 
Rf5 36.Bh4 Rb8 37.Rg2 Rbf8 38.cxb5 cxb5 39.d5+ Kd6 40.c4 Rf1 41.Rg1 Rxg1 
42.Rxg1 bxc4 43.Be1 Rb8 44.Bc3 Rh8 45.Rd1 Rh4+ 46.Kf3 Rh3+ 47.Ke4 Rg3 48.
Rf1 Rxg5 49.Rf7 Rh5 50.Kf3 Rf5+ 51.Rxf5 gxf5 52.e4 fxe4+ 53.Kxe4 Nf6+ 54.
Kf5 Nxd5 55.Bxe5+ Kc6 56.Ke4 Nb4 57.Ke3 c3 0-1

[Event "6th Solidarity it"]
[Site "Skopje YUG"]
[Date "1976.03.14"]
[Round "12"]
[White "Adorjan, Andras"]
[Black "Tarjan, James Edward"]
[Result "0-1"]
[WhiteElo "2510"]
[BlackElo "2490"]
[EventDate "1976.02.29"]
[PlyCount "85"]
[Source "Perpetual Check"]

1.e4 e5 2.Nf3 Nc6 3.Bb5 a6 4.Ba4 Nf6 5.d4 exd4 6.O-O Be7 7.Re1 O-O 8.e5 
Ne8 9.Bf4 f6 10.Bxc6 dxc6 11.Qxd4 Qxd4 12.Nxd4 f5 13.e6 g5 14.Be5 c5 15.
Nb3 b6 16.N1d2 Bb7 17.Nf1 Rd8 18.f4 g4 19.Nbd2 Bd5 20.Bc3 b5 21.Ne3 b4 22.
Be5 Bxe6 23.Nec4 Kf7 24.a3 Nd6 25.b3 Nxc4 26.Nxc4 Bxc4 27.bxc4 Rd2 28.axb4
cxb4 29.Rxa6 Bc5+ 30.Kh1 Rfd8 31.Bxc7 R8d7 32.Be5 Rd1 33.Ra1 Rxe1+ 34.Rxe1
Rd2 35.Rc1 Be3 36.g3 Re2 37.Rd1 Rxc2 38.h3 Rc1 39.Rxc1 Bxc1 40.hxg4 fxg4 
41.c5 b3 42.c6 Ke8 43.Kg2 0-1

[Event "6th Solidarity it"]
[Site "Skopje YUG"]
[Date "1976.03.14"]
[Round "12"]
[White "Kurajica, Bojan"]
[Black "Matanovic, Aleksandar"]
[Result "1/2-1/2"]
[WhiteElo "2525"]
[BlackElo "2525"]
[EventDate "1976.02.29"]
[PlyCount "102"]
[Source "Perpetual Check"]

1.e4 e5 2.Nf3 Nc6 3.Bb5 a6 4.Ba4 Nf6 5.O-O Be7 6.Re1 b5 7.Bb3 d6 8.c3 O-O 
9.d4 Bg4 10.Be3 exd4 11.cxd4 Na5 12.Bc2 Nc4 13.Bc1 c5 14.b3 Na5 15.Nbd2 
cxd4 16.h3 Bh5 17.g4 d3 18.Bxd3 Bg6 19.Qe2 Nc6 20.Bb2 Nd7 21.Rac1 Nc5 22.
Qe3 Rc8 23.Bf1 Re8 24.a4 bxa4 25.b4 Nxb4 26.Qd4 Bf8 27.Qxb4 d5 28.exd5 
Rxe1 29.Nxe1 Nd3 30.Rxc8 Qxc8 31.Qxa4 Nxb2 32.Qc6 Qb8 33.Bxa6 Qb4 34.Nef3 
Nd3 35.Bxd3 Bxd3 36.Qe8 Qd6 37.Qe5 Qxe5 38.Nxe5 Bb5 39.Nc6 Ba3 40.Kg2 Kf8 
41.Kf3 Bc5 42.Ne4 Bb6 43.Nc3 Bf1 44.h4 Ke8 45.Na4 Bc7 46.Nd4 g6 47.Nc3 Bc4
48.Ke4 Kd7 49.Nf3 f6 50.g5 fxg5 51.hxg5 Bf1 1/2-1/2

[Event "6th Solidarity it"]
[Site "Skopje YUG"]
[Date "1976.03.14"]
[Round "12"]
[White "Sofrevski, Jovan"]
[Black "Ivkov, Borislav"]
[Result "1/2-1/2"]
[WhiteElo "2450"]
[BlackElo "2520"]
[EventDate "1976.02.29"]
[PlyCount "41"]
[Source "Perpetual Check"]

1.Nf3 Nf6 2.c4 b6 3.g3 Bb7 4.Bg2 e6 5.O-O Be7 6.Nc3 O-O 7.Re1 d5 8.cxd5 
exd5 9.d4 Ne4 10.Qb3 Nxc3 11.Qxc3 Nd7 12.Qb3 c5 13.dxc5 Nxc5 14.Qd1 Bf6 
15.Be3 Rc8 16.Bd4 Ne4 17.e3 Rc7 18.Bxf6 Qxf6 19.Qe2 Rfc8 20.Nd4 Nc5 21.Bh3
1/2-1/2

[Event "6th Solidarity it"]
[Site "Skopje YUG"]
[Date "1976.03.15"]
[Round "13"]
[White "Ivkov, Borislav"]
[Black "Reshevsky, Samuel Herman"]
[Result "1/2-1/2"]
[WhiteElo "2520"]
[BlackElo "2515"]
[EventDate "1976.02.29"]
[PlyCount "48"]
[Source "Perpetual Check"]

1.e4 e5 2.Nf3 Nc6 3.Bb5 a6 4.Ba4 Nf6 5.O-O b5 6.Bb3 Be7 7.Re1 O-O 8.c3 d6 
9.h3 Na5 10.Bc2 c5 11.d4 Nd7 12.Nbd2 cxd4 13.cxd4 Nc6 14.Nb3 a5 15.Bd3 Ba6
16.d5 Ncb8 17.a4 b4 18.Be3 g6 19.Bxa6 Nxa6 20.Bh6 Re8 21.Nfd2 Nac5 22.Nxc5
Nxc5 23.Nb3 Rc8 24.Nxc5 dxc5 1/2-1/2

[Event "6th Solidarity it"]
[Site "Skopje YUG"]
[Date "1976.03.15"]
[Round "13"]
[White "Uhlmann, Wolfgang"]
[Black "Vaganian, Rafael"]
[Result "1-0"]
[WhiteElo "2555"]
[BlackElo "2550"]
[EventDate "1976.02.29"]
[PlyCount "111"]
[Source "Perpetual Check"]

1.c4 Nf6 2.Nc3 d5 3.cxd5 Nxd5 4.g3 g6 5.Bg2 Nb6 6.Nf3 Bg7 7.O-O Nc6 8.d3 
O-O 9.Bd2 h6 10.Rc1 Kh7 11.Qc2 Bg4 12.Qb1 Qd7 13.Rfe1 f5 14.b4 e5 15.b5 
Ne7 16.Be3 f4 17.Bc5 Rf7 18.Nd2 Nbd5 19.Bxe7 Nxc3 20.Rxc3 Qxe7 21.Ne4 h5 
22.Qb3 Bh6 23.Qd5 Raf8 24.Qxb7 fxg3 25.hxg3 h4 26.gxh4 Qxh4 27.Rxc7 Kg7 
28.e3 Qd8 29.Rec1 Qxd3 30.Qxa7 Bf5 31.Rxf7+ Rxf7 32.Qc5 Bxe4 33.Qxe5+ Kh7 
34.Bxe4 Qd2 35.Rf1 Bxe3 36.Bxg6+ Kxg6 37.Qe6+ Rf6 38.Qxe3 Qd5 39.Rc1 Qxb5 
40.Rc5 Qb1+ 41.Kh2 Qb8+ 42.Kg2 Qb7+ 43.f3 Kf7 44.Qb3+ Qxb3 45.axb3 Rb6 46.
Rc3 Ke6 47.Rd3 Ke5 48.Kf2 Rb8 49.Ke3 Kf5 50.Rc3 Ke5 51.Kd2 Kf4 52.Rc4+ 
Kxf3 53.b4 Rb7 54.Kd3 Rb5 55.Rh4 Rb8 56.Kc4 1-0

[Event "6th Solidarity it"]
[Site "Skopje YUG"]
[Date "1976.03.16"]
[Round "14"]
[White "Nicevski, Risto"]
[Black "Vaganian, Rafael"]
[Result "1-0"]
[WhiteElo "2395"]
[BlackElo "2550"]
[EventDate "1976.02.29"]
[PlyCount "101"]
[Source "Perpetual Check"]

1.e4 Nf6 2.e5 Nd5 3.d4 d6 4.Nf3 g6 5.Bc4 c6 6.exd6 Qxd6 7.O-O Bg7 8.Nbd2 
O-O 9.Re1 Nd7 10.Bb3 b5 11.a4 Bb7 12.Ne4 Qc7 13.Bg5 e6 14.Qd2 a6 15.Bh6 f6
16.Nc3 Rae8 17.axb5 axb5 18.Re2 N7b6 19.Rae1 Bc8 20.Bxg7 Kxg7 21.Bxd5 Nxd5
22.Ra1 Nf4 23.Re3 Rd8 24.Ne2 c5 25.Rea3 Nxe2+ 26.Qxe2 Rf7 27.c3 b4 28.Ra5 
cxd4 29.cxd4 Bb7 30.h3 Bxf3 31.Qxf3 Rxd4 32.Qa8 Rfd7 33.g3 Qc2 34.Ra7 b3 
35.Rxd7+ Rxd7 36.Qa3 Kf7 37.Re1 g5 38.Qa4 Rd1 39.Rxd1 Qxd1+ 40.Kg2 Qd5+ 
41.Kg1 h5 42.g4 hxg4 43.hxg4 f5 44.gxf5 exf5 45.Qa7+ Kg6 46.Qa6+ Kh5 47.
Qe2+ Kh4 48.Qe3 f4 49.Qc3 Kg4 50.Kh2 Qd1 51.Qh3# 1-0

[Event "6th Solidarity it"]
[Site "Skopje YUG"]
[Date "1976.03.16"]
[Round "14"]
[White "Adorjan, Andras"]
[Black "Uhlmann, Wolfgang"]
[Result "1/2-1/2"]
[WhiteElo "2510"]
[BlackElo "2555"]
[EventDate "1976.02.29"]
[PlyCount "33"]
[Source "Perpetual Check"]

1.e4 e6 2.d4 d5 3.Nd2 c5 4.exd5 exd5 5.Ngf3 Nc6 6.Bb5 Bd6 7.O-O cxd4 8.Nb3
Ne7 9.Bxc6+ bxc6 10.Qxd4 O-O 11.Bf4 Nf5 12.Qd2 Be6 13.Nfd4 Nxd4 14.Nxd4 c5
15.Bxd6 Qxd6 16.Nxe6 fxe6 17.Rfe1 1/2-1/2

[Event "6th Solidarity it"]
[Site "Skopje YUG"]
[Date "1976.03.16"]
[Round "14"]
[White "Karpov, Anatoly"]
[Black "Timman, Jan"]
[Result "1/2-1/2"]
[WhiteElo "2695"]
[BlackElo "2550"]
[EventDate "1976.02.29"]
[PlyCount "114"]
[Source "Perpetual Check"]

1.e4 c5 2.Nf3 Nc6 3.d4 cxd4 4.Nxd4 Nf6 5.Nc3 d6 6.Bg5 e6 7.Qd2 a6 8.O-O-O 
Bd7 9.f4 Be7 10.Nf3 b5 11.Bxf6 gxf6 12.Kb1 Qb6 13.Bd3 b4 14.Ne2 a5 15.f5 
a4 16.Nf4 Qc5 17.Be2 Rb8 18.fxe6 fxe6 19.Ne1 Ne5 20.Ned3 Qd4 21.Nxe5 Qxe5 
22.Qe3 b3 23.cxb3 axb3 24.a3 f5 25.Bh5+ Kd8 26.Rhe1 Qxe4+ 27.Qxe4 fxe4 28.
Bg4 Rg8 29.Bxe6 Bxe6 30.Nxe6+ Kd7 31.Nf4 Bg5 32.Rxe4 Bxf4 33.Rxf4 Rxg2 34.
Rf7+ Kc6 35.Rxh7 Rb5 36.Rh3 d5 37.Rc3+ Kd6 38.h3 Re2 39.Rcd3 Ke5 40.a4 Ra5
41.Rxb3 Rxa4 42.Rb8 Rd4 43.Re8+ Kd6 44.Rxd4 Rxe8 45.Kc2 Re3 46.Rh4 Kc5 47.
Rh8 Re2+ 48.Kb3 d4 49.h4 Rh2 50.h5 d3 51.h6 Kb6 52.Kc3 d2 53.Kc2 Kb7 54.b4
Ka7 55.b5 Kb7 56.h7 Ka7 57.Kd1 Kb7 1/2-1/2

[Event "6th Solidarity it"]
[Site "Skopje YUG"]
[Date "1976.03.16"]
[Round "14"]
[White "Kurajica, Bojan"]
[Black "Georgievski, Vanco"]
[Result "1-0"]
[WhiteElo "2525"]
[BlackElo "2250"]
[EventDate "1976.02.29"]
[PlyCount "69"]
[Source "Perpetual Check"]

1.e4 c6 2.d3 d5 3.Nd2 g6 4.f4 Bg7 5.Ngf3 e6 6.c3 Ne7 7.d4 O-O 8.Bd3 b6 9.
Qe2 c5 10.e5 c4 11.Bc2 Nbc6 12.Nf1 b5 13.a3 a5 14.g4 Bd7 15.h4 f6 16.exf6 
Bxf6 17.h5 Qe8 18.Ng3 Qf7 19.hxg6 Nxg6 20.Nh5 Bd8 21.Ng5 Bxg5 22.fxg5 Qf3 
23.Qxf3 Rxf3 24.Bxg6 hxg6 25.Nf6+ Rxf6 26.gxf6 e5 27.Rh6 Be8 28.Be3 Kf7 
29.g5 Ke6 30.Rh8 e4 31.Bf4 Rd8 32.Bc7 Rc8 33.Kd2 Kd7 34.Rh7+ Ke6 35.f7 1-0

[Event "6th Solidarity it"]
[Site "Skopje YUG"]
[Date "1976.03.16"]
[Round "14"]
[White "Reshevsky, Samuel Herman"]
[Black "Matanovic, Aleksandar"]
[Result "1/2-1/2"]
[WhiteElo "2515"]
[BlackElo "2525"]
[EventDate "1976.02.29"]
[PlyCount "44"]
[Source "Perpetual Check"]

1.d4 Nf6 2.c4 e6 3.Nc3 Bb4 4.e3 b6 5.Bd3 Bb7 6.Nf3 O-O 7.O-O c5 8.a3 Bxc3 
9.bxc3 d5 10.cxd5 exd5 11.dxc5 bxc5 12.Rb1 Qc7 13.c4 dxc4 14.Bf5 Nbd7 15.
Bb2 Be4 16.Bxe4 Nxe4 17.Qd5 c3 18.Qxe4 Rfe8 19.Qc2 cxb2 20.Rxb2 Rab8 21.
Rfb1 Rxb2 22.Rxb2 h6 1/2-1/2

[Event "6th Solidarity it"]
[Site "Skopje YUG"]
[Date "1976.03.18"]
[Round "15"]
[White "Georgievski, Vanco"]
[Black "Sofrevski, Jovan"]
[Result "1/2-1/2"]
[WhiteElo "2250"]
[BlackElo "2450"]
[EventDate "1976.02.29"]
[PlyCount "224"]
[Source "Perpetual Check"]

1.c4 Nf6 2.g3 e5 3.Bg2 c6 4.Nc3 d5 5.cxd5 cxd5 6.d3 d4 7.Ne4 Nxe4 8.Bxe4 
Be7 9.Bg2 O-O 10.Nf3 Nc6 11.O-O Be6 12.Bd2 f6 13.Qa4 Qb6 14.Rfb1 a6 15.b4 
Na7 16.e3 dxe3 17.Bxe3 Qb5 18.Qxb5 Nxb5 19.Bc5 Rf7 20.Rc1 Bf8 21.a4 Nc7 
22.Nd2 Nd5 23.Bxf8 Kxf8 24.b5 axb5 25.axb5 Rxa1 26.Rxa1 Rc7 27.Nc4 Rc5 28.
b6 Rb5 29.Nd6 Rxb6 30.Bxd5 Rxd6 31.Bxb7 Ke7 32.h4 f5 33.Ra3 Kf6 34.Kg2 Rb6
35.Bf3 h6 36.Rc3 Rd6 37.Bb7 Ke7 38.Bf3 g5 39.hxg5 hxg5 40.Bb7 Rb6 41.Bc8 
Bd5+ 42.Kf1 f4 43.gxf4 gxf4 44.Rc2 Bf3 45.Ke1 Kf6 46.Bh3 Rb8 47.Rc1 Rb2 
48.Bd7 Re2+ 49.Kf1 Rd2 50.Bb5 Rb2 51.Bc4 Ke7 52.Re1 Kd6 53.Bf7 Rd2 54.Bg6 
Bd1 55.Be4 Bc2 56.Ra1 Bxd3+ 57.Bxd3 Rxd3 58.Kg2 e4 59.Ra8 Rd5 60.Re8 Rg5+ 
61.Kf1 Re5 62.Rf8 f3 63.Ke1 Rd5 64.Ra8 Ke5 65.Re8+ Kf4 66.Rf8+ Rf5 67.Rd8 
Rb5 68.Rf8+ Ke5 69.Re8+ Kd4 70.Rd8+ Rd5 71.Ra8 Kd3 72.Ra3+ Kc2 73.Ra2+ Kb3
74.Ra8 Rd4 75.Rb8+ Kc3 76.Rc8+ Kd3 77.Ra8 Rd7 78.Ra3+ Kd4 79.Ra4+ Ke5 80.
Ra8 Rd6 81.Re8+ Re6 82.Ra8 Rb6 83.Re8+ Kf5 84.Rf8+ Kg4 85.Rg8+ Kf5 86.Rf8+
Rf6 87.Ra8 Kf4 88.Re8 Rf7 89.Ra8 Rb7 90.Rf8+ Ke5 91.Re8+ Kf5 92.Rf8+ Kg6 
93.Rg8+ Kf6 94.Rf8+ Ke7 95.Ra8 Rb2 96.Ra3 Kd7 97.Ra6 Kc7 98.Re6 Re2+ 99.
Kf1 Kd7 100.Ra6 Rd2 101.Ke1 Re2+ 102.Kf1 Rb2 103.Ke1 Rb1+ 104.Kd2 Rf1 105.
Ke3 Re1+ 106.Kf4 Re2 107.Kg3 Ke7 108.Ra7+ Kd6 109.Ra6+ Kc5 110.Ra5+ Kb4 
111.Re5 Kc4 112.Re8 Re1 1/2-1/2

[Event "6th Solidarity it"]
[Site "Skopje YUG"]
[Date "1976.03.18"]
[Round "15"]
[White "Tarjan, James Edward"]
[Black "Kurajica, Bojan"]
[Result "1/2-1/2"]
[WhiteElo "2490"]
[BlackElo "2525"]
[EventDate "1976.02.29"]
[PlyCount "20"]
[Source "Perpetual Check"]

1.d4 d5 2.c4 e6 3.Nc3 Nf6 4.Bg5 Be7 5.e3 h6 6.Bh4 O-O 7.Rc1 b6 8.cxd5 Nxd5
9.Nxd5 exd5 10.Bxe7 Qxe7 1/2-1/2

[Event "6th Solidarity it"]
[Site "Skopje YUG"]
[Date "1976.03.18"]
[Round "15"]
[White "Vaganian, Rafael"]
[Black "Adorjan, Andras"]
[Result "1/2-1/2"]
[WhiteElo "2550"]
[BlackElo "2510"]
[EventDate "1976.02.29"]
[PlyCount "20"]
[Source "Perpetual Check"]

1.d4 c6 2.c4 d5 3.cxd5 cxd5 4.Nc3 Nf6 5.Nf3 Nc6 6.Bf4 Bf5 7.e3 e6 8.Bd3 
Bxd3 9.Qxd3 Bd6 10.Bxd6 Qxd6 1/2-1/2